Riconosci la Stato degli Stati Uniti - Quiz n°1 - Statistics

Statistiche generali
  • Questo quiz è stato fatto 19 volte
  • Il punteggio medio è 8 su 10
Statistiche sulle risposte
Indizio Risposta % Corretto
Iniziale della Capitale A
93%
Fuso orario UTC-5
93%
Popolazione 1 362 359 ab.
86%
Data di istituzione 15 marzo 1820
79%
Numero stati confinanti 2
79%
Superficie 91 646 km²
79%
Altitudine 0 - 1,606 m s.l.m.
71%
Rappresentanza parlamentare 2 Rappresentanti: Chellie Pingree (D), Jared Golden (D) 2 Senatori: Susan Collins (R), Angus King (I)
71%
Numero contee 16
64%
Stato federale Maine
64%
Nessun quiz corrispondente trovato
Distribuzione punteggi
Percentuale di utenti per punteggio
Percentile per numero di risposta
I tuoi punteggi nel tempo
Non hai fatto questo quiz